[Event "Leitersdorf op"]
[Site "Leitersdorf"]
[Date "2016.01.02"]
[Round "1"]
[White "Schernthaner, Markus"]
[Black "Sulzer, Manfred"]
[Result "0-1"]
[WhiteElo "1171"]
[BlackElo "1755"]
[PlyCount "68"]
[EventDate "2016.01.02"]
[EventType "swiss"]
[EventRounds "5"]
[EventCountry "AUT"]
[SourceTitle "CBM 170 Extra"]
[Source "ChessBase"]
[SourceDate "2016.02.25"]
[SourceVersion "1"]
[SourceVersionDate "2016.02.25"]
[SourceQuality "1"]

1. e4 c5 2. Nf3 Nc6 3. d4 cxd4 4. Nxd4 Nf6 5. Nxc6 bxc6 6. Nc3 e5 7. f3 Bc5 8. Bd2 a5 9. Na4 Nxe4 10. Nxc5 Nxc5 11. Be3 Qe7 12. Qd2 0-0 13. 0-0-0 d5 14. c3 Be6 15. Re1 f6 16. g4 Nd7 17. b3 c5 18. Rd1 Rfb8 19. c4 d4 20. Bf2 a4 21. h4 axb3 22. axb3 Rxb3 23. Qc2 Rc3 24. Qxc3 dxc3 25. Rd3 Ra1+ 26. Kc2 Ra2+ 27. Kxc3 Rxf2 28. Re3 Nb6 29. Re4 Qa7 30. Be2 Qa3+ 31. Kd2 Nxc4+ 32. Ke1 Rxe2+ 33. Kxe2 Qb2+ 34. Kd1 Qd2# 0-1